[Event "Budapest FS10 GM"]
[Site "Budapest"]
[Date "1998.10.04"]
[Round "2"]
[White "Lukacs, Peter"]
[Black "Fogarasi, Tibor"]
[Result "1-0"]
[WhiteElo "2475"]
[BlackElo "2425"]
[Annotator "Lukacs,P"]
[PlyCount "75"]
[EventDate "1998.10.03"]
[EventType "tourn"]
[EventRounds "13"]
[EventCountry "HUN"]
[EventCategory "8"]
[SourceTitle "CBM 067"]
[Source "ChessBase"]
[SourceDate "1998.11.30"]
[SourceVersion "2"]
[SourceVersionDate "1998.11.01"]
[SourceQuality "1"]

1. d4 Nf6 2. c4 g6 3. Nc3 d5 4. Nf3 Bg7 5. Bf4 O-O 6. e3 c5 7. dxc5 Qa5 8. Rc1
dxc4 9. Bxc4 Qxc5 10. Bb3 Nc6 11. O-O Qa5 12. h3 Qa6 $6 {As we will see from
the game, this move has to be considered dubious now.} (12... Bf5 $142 {
is the well-known main line with good chances for equality.}) 13. e4 (13. Ne5 {
leads to simplification and draw after} Nxe5 14. Bxe5 Be6 15. Bd4 Rfc8 16. Bxe6
Qxe6 17. Qb3 Qxb3 18. axb3 $11 {1/2:1/2 Ftacnik-Krasenkov, BL 1993}) (13. Na4 {
is nothing special either:} Rd8 14. Nc5 (14. Qe1 $5 Ne4 $5 $13) 14... Rxd1 15.
Nxa6 Rxf1+ 16. Kxf1 Bf5 17. Nc5 Na5 $1 (17... b6 $2 18. g4 Bc8 19. Ne6 $16) 18.
Bc2 Bxc2 19. Rxc2 Nd5 20. Be5 Nb4 21. Rc3 b6 $11 {Mikhalchishin-Gavrikov, Lvov
1987}) (13. Nd4 $5 Bd7 14. Ndb5 (14. Na4 $5) 14... Rad8 $5 (14... Rac8 15. e4
$1 Qa5 $1 16. Be3 $14) 15. Bc7 Rc8 16. Bc4 Rxc7 $1 17. Nxc7 Qxc4 18. N3d5 Qxa2
19. Nxf6+ Bxf6 20. Qxd7 Rd8 21. Qg4 Be5 $44) 13... Rd8 {[#]} 14. Qc2 $1 {
This is an important novelty here!} (14. Qe1 $6 {gave nothing for White after}
Nb4 15. Ne5 Be6 16. Bxe6 Qxe6 17. a3 Nh5 18. Be3 Na2 19. Nxa2 Qxe5 $11 {
in the game Ribli-Mecking, Manila izt 1976.}) (14. Nd5 $5 Nxd5 (14... e6 $2 15.
Rxc6 $1 $18) (14... Nxe4 $2 15. Rxc6 $1 $18) 15. exd5 Be6 $5 (15... Bf5 16. d6
e6 (16... exd6 $6 17. Ng5 $16) (16... Bf6 $6 17. Bc4 Qb6 18. Re1 exd6 19. Ng5
$1 Ne5 20. Qd5 Bxg5 21. Rxe5 $1 Be6 22. Rxe6 Bxf4 23. Re8+ $18 {1-0
Grigore-Feher, Goeyzis-B 1996}) 17. Re1 $13) 16. dxe6 Rxd1 17. exf7+ Kh8 18.
Rfxd1 $44) 14... h6 $6 (14... Bd7 15. Rfd1 $16) (14... Na5 $6 {is met by the
pretty} 15. Bxf7+ $1 (15. Ng5 {is not bad either:} Nxb3 (15... Nc4 16. Nd5 $1)
16. Qxb3 Rf8 (16... e6 17. Nb5 $1) 17. Nb5 Qb6 (17... Qa5 18. Nc7 Rb8 19. Nd5
Nxd5 20. exd5 Ra8 21. Rc7 $1 $16) 18. Be3 $16) 15... Kxf7 16. b4 Nc4 17. b5 $1
(17. Qb3 Kf8 $1 (17... b5 18. a4 $44) (17... Be6 18. b5 Qb6 19. Ng5+ Kf8 20.
Na4 $18) 18. b5 (18. Ng5 h6 19. b5 Qb6 (19... Qa3 $2 20. Qxc4 hxg5 21. Bc7 Re8
22. Nb1 $18) 20. Qxc4 hxg5 21. Bc7 Be6 $1 22. Nd5 Bxd5 23. exd5 Rdc8 24. Bxb6
Rxc4 25. Rxc4 axb6 $15) 18... Qe6 19. Ng5 Qg8) 17... Qb6 (17... Qa5 $2 18. Qb3)
(17... Qa3 $2 18. Nb1 $18) 18. Qb3 (18. Na4 $4 Qxb5 19. Qxc4+ Qxc4 20. Rxc4 b5
$19) 18... Be6 19. Ng5+ Kg8 20. Na4 $18) (14... Qd3 $142 {is the best
transposing to a somewhat better _|_ for White after} 15. Qxd3 Rxd3 16. Rfd1
$14) 15. Rfd1 Bd7 16. Rd2 $1 {White wants to insert pressure on the d <->.} (
16. Nd5 {leads to unnecessary simplifications:} Nxd5 17. exd5 Bf5 18. Qc5 Na5
19. Qxe7 Nxb3 20. axb3 Rd7 (20... Bxb2 21. Rc7 $1) 21. Qe3 Bxb2 22. Bxh6 $1
Bxc1 23. Qxc1 $44) 16... Qa5 $2 (16... Be8 $6 17. Rxd8 $1 ({but not} 17. Nd5
Nxd5 18. exd5 Nb4 19. Qe4 Nxa2 20. Ra1 Nc3 $1 21. Qe1 Qb6) 17... Rxd8 18. Nd5
Nxd5 19. exd5 Nb4 (19... Na5 20. Qc7) 20. Qc7 $16 {with penetration.}) (16...
Rac8 $142 17. Rcd1 $16) (16... Na5 {was the persistant defence to eliminate
White's dangerous B at least.} 17. Rcd1 Nxb3 18. axb3 $16) 17. Qd1 $1 $18 {
Now Black cannot avoid material losses.} (17. Nd5 {can be parried by} Rac8)
17... g5 (17... Rac8 18. e5 Nh5 19. Bh2 $18) 18. Bg3 Be8 (18... g4 $2 19. e5 $1
) 19. Nd5 $1 Nxe4 (19... Nxd5 20. exd5 $18) 20. Bc7 $18 Nxd2 (20... Rxd5 21.
Bxd5 Qxc7 22. Bxe4 $18) (20... Qa6 21. Nxe7+ $1 Kh8 22. Rxd8 $18) 21. Bxa5
Nxf3+ 22. Qxf3 Nxa5 23. Nxe7+ Kf8 24. Ng6+ $5 (24. Nf5 Nxb3 25. axb3 Bc6) 24...
Kg8 25. Bd5 Rd7 26. Re1 Rad8 27. Qf5 Rc7 28. Re7 $1 {Despite of his material
advantage White has to play very actively here.} Rxe7 29. Nxe7+ Kf8 30. Qe4 Bf6
(30... Bxb2 $2 31. Qb4 $18) 31. Nf5 {The white pieces dominate the board
completely in the [+].} Nc6 32. Nxh6 Ne7 33. Bb3 Rd2 34. Ng4 Bd4 35. Ne3 Ng6 (
35... Bc6 36. Qh7 $1) 36. Qxb7 Bb6 37. Qe4 Nf4 $4 {Time-trouble blunder in a
lost position.} (37... Rd4 38. Qf5 $18) 38. Qb4+ 1-0

[Event "EU-ch 11th"]
[Site "Rijeka"]
[Date "2010.03.06"]
[Round "1"]
[White "Potapov, Alexander1"]
[Black "Kurnosov, Igor"]
[Result "0-1"]
[WhiteElo "2446"]
[BlackElo "2674"]
[Annotator "Marin,M"]
[PlyCount "60"]
[EventDate "2010.03.06"]
[EventType "swiss"]
[EventRounds "11"]
[EventCountry "CRO"]
[SourceTitle "CBM 136"]
[Source "ChessBase"]
[SourceDate "2010.05.18"]
[SourceVersion "1"]
[SourceVersionDate "2010.05.18"]
[SourceQuality "1"]

1. d4 Nf6 2. c4 g6 3. Nc3 d5 4. Bf4 Bg7 5. e3 O-O 6. Nf3 c5 7. dxc5 Qa5 8. Rc1
Nbd7 $5 {It is curious that this logical developing move, aiming to retrieve
the pawn with the knight rather than the queen (which usually is exposed on c5)
, has never been taken into account seriously.} ({The main continuation is} 
8... dxc4 {, which has the defect of speeding up White's development after} 9.
Bxc4) 9. cxd5 Ne4 10. Nd4 Nxc3 11. bxc3 Nxc5 12. Bc4 Bd7 13. O-O Rac8 {For the
sacrificed pawn, Black has excelent development. Besides, White's central
pawns are rather vulnerable. If Black manages to capture either d5 or c3, he
will obtain an advantageous position.} 14. Qe2 (14. Bb3 {Steingrimsson,H (2551)
-Kritz,L (2609)/Plovdiv 2008/CBM 124/[Kritz] (0-1, 34)}) 14... Na4 15. Nb3 Qb6
16. Nd4 Qc5 17. Bb3 Nxc3 18. Qd3 a5 $15 19. Rc2 a4 20. Rfc1 axb3 21. axb3 Qxd5
22. Rxc3 e5 23. Ne2 Qxd3 24. Rxd3 Rxc1+ 25. Nxc1 Rc8 26. Na2 Bf5 27. e4 Bxe4
28. Rc3 Rd8 29. f3 exf4 30. fxe4 Rd1+ 0-1

[Event "Budapest FS08 GM"]
[Site "Budapest"]
[Date "1997.08.04"]
[Round "3"]
[White "Mikhalevski, Alexander"]
[Black "Turov, Maxim"]
[Result "1/2-1/2"]
[WhiteElo "2470"]
[BlackElo "2415"]
[Annotator "Mikhalevski,V"]
[PlyCount "150"]
[EventDate "1997.08.02"]
[EventType "tourn"]
[EventRounds "9"]
[EventCountry "HUN"]
[EventCategory "7"]
[SourceTitle "CBM 059 Extra"]
[Source "ChessBase"]
[SourceDate "1997.09.26"]
[SourceVersion "1"]
[SourceVersionDate "1997.09.26"]
[SourceQuality "1"]

1. d4 Nf6 2. c4 g6 3. Nc3 d5 4. Bf4 Bg7 5. e3 c6 6. Qb3 O-O 7. Nf3 Qa5 8. Be2
dxc4 (8... Nbd7 9. O-O (9. cxd5 Nxd5 $1 10. Bg3 Nxc3 {/\c5}) 9... Nb6 (9...
dxc4 10. Bxc4 Nb6 11. Bc7 $6 (11. Be2 $142) 11... Ne8 12. Bd8 (12. Bxb6 axb6
13. Ne4 Nd6 14. Nfd2 Bf5 15. Bd3 Nxe4 16. Nxe4 {1/2-1/2 Timmermanns,H-Schosse,
T/OLO-B 1994}) 12... Nd6 13. Bxb6 axb6 14. Be2 b5 15. a3 Be6 16. Qc2 b4 17.
axb4 Qxb4 18. Nd2 c5 19. dxc5 Qxc5 20. Rfe1 Rxa1 21. Rxa1 Rc8 22. Rc1 b5 23.
Bd3 b4 24. Nd1 Qd5 25. Nc4 Nxc4 26. Qb3 Nxe3 27. Rxc8+ Bxc8 28. Qxb4 Qxg2# {
0-1 Barouty,D-Arencibia,W/Bogota op 1990}) 10. Ne5 dxc4 11. Nxc4 Nxc4 12. Bxc4
b5 13. Bd3 Be6 14. Qc2 Nd5 15. Nxd5 Bxd5 16. Rfc1 Rac8 17. h3 Qb6 18. b4 Qb7
19. Qc5 f6 20. e4 Bf7 21. a4 a6 22. a5 Rfd8 23. Be2 f5 24. e5 Bd5 25. Ra3 Rd7
26. g4 e6 27. Rg3 Kh8 28. Be3 Bf8 29. Qc3 Rf7 30. f4 Qe7 31. Bd2 Rg7 32. Kh2
Qa7 33. Be3 Qe7 34. Bd2 Qa7 35. Qe3 Rd8 36. Rcg1 Be4 37. Bc3 Bd5 38. Bd3 Qf7 {
1/2-1/2 Nkemeh,D-Knight,T/Thessaloniki olm 1984}) (8... Na6 9. O-O dxc4 10.
Bxc4 b5 11. Be2 Be6 12. Qc2 Rac8 13. e4 Rfd8 14. a3 Nc7 15. h3 Bd7 16. Rfd1 Ne6
17. Be5 Be8 18. b4 Qb6 19. Bf1 a5 20. Qb2 Nf8 21. Ne1 Ne6 22. Nf3 a4 23. Rd3
Nf8 24. Rad1 N8d7 25. Bf4 Qb7 26. Qc1 Nb6 27. Ne5 Nfd7 28. R3d2 f6 29. Ng4 Nf8
30. Be3 h5 31. Nh2 Bf7 32. Nf3 Bb3 33. Re1 {Kotov,A-Ragozin,V/URS-ch13 Moscow
1944/1-0 (50)}) 9. Bxc4 b5 10. Be2 $1 (10. Bd3 $2 Be6 11. Qc2 (11. Qd1 Nd5)
11... Nd5 12. Bg3 $140 (12. Qd2 Nxf4 13. exf4 Rd8 14. O-O Na6 15. f5 Bxf5 16.
Bxf5 gxf5 17. Qg5 e6 18. a4 Qb6 19. axb5 cxb5 20. Ne2 Nc7 21. Ra3 b4 22. Rb3
Nd5 23. Qh5 Rd7 24. Ne5 Rc7 25. Rh3 Nf6 26. Qh4 Rac8 27. Qf4 Rc2 28. Ng3 Qc7
29. Qg5 Rc1 30. Nd3 Rxf1+ 31. Nxf1 h6 32. Qh4 Nd5 33. Ne5 Qc1 34. Rg3 Nf4 35.
Re3 Qxf1+ {0-1 Fairhurst,W-Pachman,L/Hastings5455 1954}) 12... Nb4) 10... Be6
11. Qc2 $1 (11. Qd1 $2 Nd5) (11. Qa3 $13) 11... Bf5 12. Qc1 $1 b4 13. Nb1 $1
Nbd7 14. Nbd2 Rfc8 15. Nc4 $1 (15. Nb3 Qb6 16. Ne5 c5 $1 17. Bf3 (17. Nc4 Qd8
18. Bf3 Be4) 17... cxd4 18. Qd1 Bc2 19. Qd2 Nxe5 20. Bxe5 dxe3 21. Qxe3 Qxe3+
22. fxe3 Ne4) 15... Qd8 16. Nfd2 $1 Bg4 (16... c5 $1 17. Bf3 cxd4 18. Bxa8 (18.
exd4 Bd3 $13 (18... Nb6 $13)) 18... dxe3 19. Bxe3 (19. fxe3 Rxa8 20. O-O Rc8
$13) 19... Rxa8 $13) (16... a5 17. O-O c5 18. Bf3 Ra7 19. d5) 17. Bxg4 $1 (17.
f3 $6 Be6 18. e4 $2 Nd5) 17... Nxg4 18. Qd1 $1 Ngf6 19. Qf3 $1 c5 (19... Nb6
20. Na5 $1 Qd5 (20... c5 $2 21. Nb7) 21. Nab3 $16 (21. Ndb3 $5)) 20. d5 Nb6 21.
e4 Nfd7 22. Rc1 Nxc4 23. Nxc4 Nb6 24. b3 $1 (24. Qb3 $6 a5 $1) (24. Qe2 Nxc4
25. Rxc4 Qd7 $1 (25... Qa5 26. b3 Bc3+ 27. Bd2 $1 (27. Kf1 $5) 27... Qxa2 (
27... Bd4 28. a4) 28. Bxc3 Qb1+ 29. Qd1 Qxd1+ 30. Kxd1 bxc3 31. Kc2 $16) 26.
O-O e6 27. dxe6 (27. Rd1 Bd4) (27. d6 e5 28. Be3 Qxd6 29. Rfc1 Qa6 30. b3 Bf8)
27... Qxe6 28. Be3 Bxb2) 24... Nxc4 (24... Bc3+ 25. Bd2) 25. Rxc4 Bc3+ (25...
Qa5 26. Qe2) 26. Ke2 Qd7 27. a4 $6 (27. Rd1 e6 (27... Qb5 28. Qd3 {/\Rc3}) (
27... Bd4 28. Be3) 28. dxe6 Qxe6 29. Rd6 (29. Be3 Qa6) 29... Qe7 30. Rd5 $16)
27... e6 28. Rd1 Bd4 29. Be3 (29. dxe6 Qxe6 30. Be3) (29. Bh6 f5 $1 (29... exd5
$2 30. Rcxd4 $18)) 29... exd5 30. exd5 Re8 31. Kf1 Bxe3 32. fxe3 Re5 33. Kg1
Rae8 34. Rd3 Qe7 (34... Qd6 $142) 35. d6 $1 Qd7 36. Rc1 $1 R8e6 37. Rcd1 Re4
38. Rc1 R4e5 39. Rcd1 Re4 40. a5 $1 (40. h3 c4 41. bxc4 Rxc4 42. Qd5 Rc3 $13
43. Qb5 Qxb5 44. axb5 Rxd3 45. Rxd3 Re8 $11) 40... c4 41. bxc4 Rxc4 42. Qd5 (
42. a6 Re8 (42... Rc6 $4 43. Qxc6 $1 $18) (42... Ree4 43. Rd5 f5 44. Rb5 Qxb5
45. d7 Rcd4 46. Rxd4 Rxd4 47. exd4 Qxd7 48. Qb3+ Kg7 49. Qxb4) 43. Qb7 Rd8 44.
Rd4 Rxd4 (44... Rc6 45. Rxb4 Rxd6 46. Rxd6 Qxd6 47. Rd4 Qf6 48. Qxa7) 45. Rxd4
Qe6 $1 46. Qe7 (46. e4 Qb3) 46... Qd7 47. Rf4 (47. Qxd7 $2 Rxd7 48. e4 f6 49.
Rxb4 Kf7 $1) (47. e4 b3 48. Qxd7 Rxd7 49. e5 f6 $1 50. e6 b2 51. Rb4 Rxd6 52.
Rxb2 Rxe6) 47... b3 48. Rxf7 Qxe7 49. Rxe7 Rxd6 50. Rb7 Rxa6 51. Rxb3 $11)
42... Rc3 43. e4 Re8 44. Qd4 Rxd3 45. Rxd3 Qc6 $1 46. Qxb4 (46. e5 b3 47. h3 (
47. Rxb3 $4 Qc1+ $19) 47... Rb8 48. d7 (48. Qb2 $2 Qc2 $19) 48... Rd8 $11 (
48... b2 $2 49. d8=Q+ Rxd8 50. Qxd8+ Kg7 51. Qf6+ Kh6 52. Rd1 Qc1 53. Qf1 $18))
46... Rxe4 47. Qd2 Qc5+ $1 48. Kf1 $8 (48. Kh1 $4 Qe5 $1 49. Kg1 Re2 50. Qc3
Re1+ 51. Kf2 Qe2+ 52. Kg3 Rg1 $19) 48... Qc4 (48... Qf5+ 49. Kg1 (49. Rf3 $6
Qb5+ $1 (49... Qe5 $5 $13) 50. Qd3 $140 $1 Qb4) 49... Ra4 50. Qd1 Ra2 51. Rd2
$11) (48... Qb5) 49. Kg1 Qc5+ 50. Kf1 Qc4 51. Qc3 Rf4+ $1 52. Kg1 Qxc3 53. Rxc3
$14 Rd4 54. Rc6 Rd2 $1 55. Kf1 Kf8 56. Ke1 Rd5 57. Ra6 Ke8 58. Rxa7 (58. Ke2
Kd7 59. Rxa7+ Kxd6 60. Rxf7 Rxa5 61. Rxh7 Ke6 $11) 58... Rxd6 59. a6 Kf8 60.
Ke2 Kg7 61. Ke3 Kf6 62. Ke4 Rd2 $6 (62... h5 $11) 63. Rc7 $1 Rxg2 64. a7 Ra2
65. Kd5 Kg5 $1 (65... h5 66. Kc6 g5 $6 (66... Kg5 {see65Kg5}) 67. Kb7 Rb2+ $1
68. Kc8 Ra2 69. Rc6+ $1 (69. Kb8 $2 Kf5 $1 70. a8=Q (70. Rxf7+ Kg4 $11) 70...
Rxa8+ 71. Kxa8 Kg4 72. Rc3 f5 73. Kb7 f4 74. Kc6 f3 75. Rc2 Kf4 $1 $11) 69...
Kf5 70. Kb7 Rxa7+ 71. Kxa7 Kf4 $1 (71... g4 $2 72. Rc5+ $1 Kg6 73. Kb6 f5 74.
Kb5 $18) (71... h4 $2 72. Rc4 $1 g4 73. Kb6 Kg5 (73... g3 74. h3 $1 Ke5 (74...
Kg5 75. Rg4+ Kh5 76. Kc5 f5 77. Rg8 f4 78. Kd4 f3 79. Ke3 f2 80. Ke2 $18) 75.
Rxh4 f5 76. Rh8 f4 77. Rg8 Ke4 78. h4 f3 79. Rg4+ $1 $18) 74. Kc5 g3 75. h3 f5
76. Kd5 $1 g2 77. Rc8 $1 Kf4 78. Rg8 Kf3 79. Ke5 $18) (71... Kg4 72. Rc3 (72.
Kb6 Kf3 $1 {see71Kf4} (72... f5 $2 73. Rc3 (73. Rc2 $2 Kf3 $1) 73... f4 74. Kc5
f3 75. Rc2 Kf4 76. Kd4 g4 77. Rc8 $18) (72... Kh3 $2 73. Rc2 g4 74. Kc5 h4 75.
Kd4 g3 76. hxg3 hxg3 (76... Kxg3 77. Ke3 h3 (77... f5 78. Rc8 $1 $18) 78. Rc8
$1 Kg2 79. Ke2 h2 80. Rg8+ Kh3 81. Kf2 h1=N+ 82. Kf3 $18) 77. Ke3 g2 78. Kf2
Kh2 79. Rc1 $18)) 72... Kf4 $1 (72... f5 $2 73. Kb6 f4 74. Kc5 f3 75. Rc2 Kf4
76. Kd4 g4 77. Rc8 $18) 73. Kb6 h4 $1 (73... g4 74. Rc6 $3 f5 (74... h4 75. Rh6
h3 76. Rf6+ $18) 75. Rh6 Kg5 76. Rh8 f4 77. Kc5 g3 (77... f3 78. Kd4 f2 79. Rf8
$18) 78. hxg3 fxg3 79. Kd4 Kf4 80. Rf8+ Kg4 81. Ke3 h4 82. Rg8+ Kh3 83. Kf3 g2
84. Kf2 $1 $18) 74. h3 (74. Kc5 g4 75. Kd4 g3 $11) 74... f5 75. Kc5 g4 76. Kd4
gxh3 77. Rxh3 Kg4 78. Rh1 Kg3 (78... h3 $2 79. Ke3 Kg3 80. Rg1+ Kh4 81. Kf2 h2
82. Rg8) 79. Ke3 f4+ 80. Ke2 f3+ 81. Ke3 (81. Kf1 f2 $11) 81... f2 82. Ke2 h3
$11) 72. Kb6 Kf3 $1 (72... g4 $2 73. Rf6+ $18) (72... h4 $6 73. Kc5 (73. Kb5 $5
) 73... g4 $2 (73... Kf3 $1) 74. Rh6 $1 (74. Kd4 $2 f5) 74... h3 75. Rf6+ $18)
73. Rc3+ Kg2 74. Rc2+ Kf3 $1 75. Kc5 g4 76. Kd4 h4 77. Ke5 (77. Rc7 Kg2 $1 $11)
(77. Rc5 $5 g3 $1 (77... Kg2 $2 78. Rh5 $1 h3 (78... Kxh2 79. Rxh4+ Kg3 80. Rh5
$1 Kf2 81. Rf5+ Ke2 82. Rg5 Kf3 83. Kd3 g3 84. Rf5+ $18) 79. Rg5 f5 80. Ke3
Kxh2 81. Kf2 Kh1 82. Rxf5 Kh2 83. Rg5 Kh1 84. Re5 Kh2 85. Re3 Kh1 86. Kg3 h2
87. Re1#) 78. hxg3 hxg3 79. Rf5+ Ke2) 77... g3 78. Rc3+ Kf2 79. hxg3 hxg3 80.
Kf4 g2 81. Rc2+ Kf1 82. Kf3 g1=N+ $11) 66. Kc6 $6 (66. Kc5 $1 h5 $1 (66... Kg4
$2 67. Kb4 $3 $18 f5 (67... Kh3 68. Rc3+ Kxh2 69. Ra3 $18) 68. Kb3 $1 Ra6 69.
Rc4+ Kh3 70. Ra4 Rxa7 71. Rxa7 $18) 67. Kb6 Rb2+ $3 (67... Kg4 $2 68. Rc5 Rxa7
69. Kxa7 Kh3 (69... Kf3 70. Rg5 $1) 70. Rc2 h4 71. Kb6 g5 72. Kc5 g4 73. Kd4 g3
74. hxg3 hxg3 (74... Kxg3 75. Ke3 h3 76. Rc8 Kg2 77. Ke2 h2 78. Rg8+ Kh3 79.
Kf2 $18) 75. Ke3 g2 76. Kf2 Kh2 77. Rc1 f5 78. Rg1 $18) 68. Kc6 Ra2 69. Kb7
Rb2+ $1 70. Kc8 Ra2 71. Kb8 Kg4 72. a8=Q Rxa8+ 73. Kxa8 Kh3 74. Rc2 h4 75. Kb7
g5 76. Kc6 g4 77. Kd5 g3 78. hxg3 hxg3 79. Ke4 g2 $11) 66... Kg4 $1 67. Kb7 Kh3
(67... Rb2+ $1 68. Kc8 Ra2 69. Kb8 Kh3 $11) 68. Rxf7 (68. Rc3+ Kxh2 69. Rc2+
Rxc2 70. a8=Q h5 $11) 68... h5 69. Rf6 (69. Rf3+ Kg2 (69... Kxh2 70. Rf2+ Rxf2
71. a8=Q $11) 70. Rg3+ Kxh2 71. Rxg6 Rxa7+ 72. Kxa7 h4 $11) 69... Rxa7+ 70.
Kxa7 Kxh2 71. Kb6 h4 72. Kc5 h3 73. Kd4 Kg2 $1 74. Ke3 h2 75. Rxg6+ Kh1 1/2-1/2